000
00286nam a22001217a 4500
008
181011b xxu||||| |||| 00| 0 eng d
041
_a
eng
080
_2
3 rd
_a
159.9
100
_a
48
101
_a
PSI
245
_a
Psychopathological disorders of childhood
_c
Werry&Q
942
_2
udc
_c
BK
999
_c
49349
_d
49349